00658nam a2200169 a 450000100100000000500170001000800410002702000150006804000250008308200160010810000270012424501410015126000700029230000210036250000730038350400320045600004915020201002061707.0190723s1996 dr r 000 0 spa d a8489525528 aDO-SdBNPbspacBNPHU axxxxbD542e1 aDíaz Santana, Miriam10aEducación y modernización social en República Dominicana :bun análisis sociológico del plan decenal /cMiriam Díaz Santana. aSanto Domingo :bInstituto Tecnólogico de Santo Domingo,c1996. a148 p. ;c23 cm. aIncluye referencias bibliográficas y notas al pie de las páginas aBibliografía : p. 141-148